000
00292cam a2200133ua 4500
041
_a
eng
_h
082
_a
828.09
_b
HUN/OL
100
_a
Hunt, Hugh .
245
_a
Old vic prefaces /
_c
Hugh Hunt.
_h
Textual Documents
300
_a
193 ; .
504
_a
942
_c
BK
999
_c
12839
_d
12839